000 00596nam a2200241Ia 4500
003 OSt
005 20220924152316.0
006 a|||||r|||| 00| 0
007 ta
008 220923b |||||||| |||| 00| 0 tel d
024 _a341900
037 _cTextual
040 _aARTS
_cARTS
_btel
041 _2tel
_atel
082 _aO35,1JVE,1, F3
100 _aVenkatayya Au.
_9226366
245 0 _aRamarajiyamu
260 _c1922
300 _a65p.
_ccm.
650 _aTELUGU LITERATURE
942 _hO35,1JVE,1, F3
_cTEXL
_2CC
999 _c469419
_d469419